| 000 | 00408nam a2200145 a 4500 | ||
|---|---|---|---|
| 005 | 20140412111406.0 | ||
| 008 | 070706s19uu xx 00 eng d | ||
| 020 | _a0-307-98781-7 | ||
| 050 |
_aER _bPo75 1997 |
||
| 100 | _aDickson, Anna | ||
| 245 |
_aThe poky little puppy : _bComes to sesame street / _cAnna Dickson. |
||
| 260 |
_aU.S.A : _bGolden book, _c1997. |
||
| 440 | _aSesame street | ||
| 999 |
_c105567 _d105567 |
||